00000000nam 2200000zi 4500
0019.853712
003CaOODSP
00520250117132538
006m     o  d f      
007cr cn|||||||||
008180315t20192019onca    o    f000 0 fre d
020 |a9780660257808|z0660257808
040 |aCaOODSP|bfre
043 |an-cn---
0861 |aNR24-24/1-2017F-PDF
24500|aGuide de l'utilisateur du Code national de l'énergie pour les bâtiments - Canada 2017 / |cpublié par la Commission canadienne des codes du bâtiment et de prévention des incendies, Conseil national de recherches du Canada.
250 |aTroisième édition.
264 1|aOttawa : |bConseil national de recherches, |c2019.
264 4|c©2019
300 |a1 ressource en ligne (viii, 108 pages) : |billustrations
336 |atexte|btxt|2rdacontent/fre
337 |ainformatique|bc|2rdamedia/fre
338 |aressource en ligne|bcr|2rdacarrier/fre
500 |aCover title.
500 |aPublié aussi en anglais sous le titre : User's guide - National Energy Code of Canada for Buildings 2017.
500 |aÉdition numérisée de l’imprimé [par Conseil national de recherches Canada].
500 |a« Première impression. »
500 |a« Première édition 2014, deuxième édition 2019. »
520 |a« Le présent guide est la troisième édition du Guide de l’utilisateur du Code national de l’énergie pour les bâtiments – Canada (CNÉB). Ce guide vise à servir de complément au CNÉB 2017, et à augmenter la compréhension que les utilisateurs ont de l’intention et de l’application du code sur le terrain; il n’est donc pas destiné à être utilisé seul. Le guide de l’utilisateur contient de l’information générale, du matériel explicatif et, dans certains cas, des approches suggérées pour certaines questions de conception ou de conformité, mais ne contient pas d’exigences obligatoires et n’est ni un manuel ni un guide de conception. Les figures qu’il renferme sont des schémas généraux et les exemples sont fournis à titre illustratif seulement; ils ne constituent en aucun cas des recommandations en matière de conception » -- Introduction, page v.
650 6|aArchitecture et économies d'énergie|xDroit|zCanada|vGuides, manuels, etc.
650 6|aConstructions|xÉconomies d'énergie|xDroit|zCanada|vGuides, manuels, etc.
650 6|aArchitecture et économies d'énergie|xNormes|zCanada|vGuides, manuels, etc.
650 6|aConstructions|xÉconomies d'énergie|xNormes|zCanada|vGuides, manuels, etc.
655 7|aGuides et manuels|2rvmgf
7102 |aCommission canadienne des codes du bâtiment et de prévention des incendies, |eorganisme de publication.
77508|tUser's guide - National Energy Code of Canada for Buildings 2017 / |w(CaOODSP)9.853710
7760#|tGuide de l'utilisateur du code national de l'énergie pour les bâtiments - Canada 2017 |w(CaOODSP)9.853713
794 |tGuide de l'utilisateur du Code national de l'énergie pour les bâtiments - Canada 2020 / |w(CaOODSP)9.926668
795 |tGuide de l'utilisateur du Code national de l'énergie pour les bâtiments - Canada 2015 / |w(CaOODSP)9.853703
85640|qPDF|s4.30 Mo|uhttps://publications.gc.ca/collections/collection_2025/cnrc-nrc/NR24-24-1-2017-fra.pdf
986 |aNRCC-CONST-56247F